00421nam a2200157Ia 4500008004100000020001800041082000800059100001800067245007300085250000600158260002500164300001800189500002400207650001000231700002200241230524s9999 xx 000 0 und d a9781259002892 bWAT aDonald Watson 0aFor Architectural Design : Technical Data for Professional Practice a1 aNew DelhibTMHc2011 a"XII,131.6p;" aQuantity Number: 1 aCivil aMichael J.Crosbie